banner koha

Criopreservação de uma espécie de butiá ameaçada de extinção (Registro n. 337623)

MARC details
000 -LÍDER
fixed length control field 02558nab a2200301 i 4500
003 - CÓDIGO MARC DA AGÊNCIA CATALOGADORA
Campo de controle BR-BrBNA
005 - DATA E HORA DA ÚLTIMA ATUALIZAÇÃO
Campo de controle 20250814105157.0
008 - CAMPO DE TAMANHO FIXO
fixed length control field 250814b2020 bl.ar|pooa||| 00| 0 por |
040 ## - FONTE DA CATALOGAÇÃO
Agência catalogadora BR-BrBNA
Idioma da catalogação por
072 ## - CATEGORIA AGRIS
Código AGRIS F30
072 ## - CATEGORIA AGRIS
Código AGRIS F02
100 ## - ENTRADA PRINCIPAL - NOME PESSOAL
Nome pessoal Vargas, Daiane Peixoto
100 ## - ENTRADA PRINCIPAL - NOME PESSOAL
Nome pessoal Ferreira, Letícia Vanni
100 ## - ENTRADA PRINCIPAL - NOME PESSOAL
Nome pessoal Taniguchi, Marisa
100 ## - ENTRADA PRINCIPAL - NOME PESSOAL
Nome pessoal Coradin, Juliana Hey
100 ## - ENTRADA PRINCIPAL - NOME PESSOAL
Nome pessoal Dutra, Leonardo Ferreira
245 ## - TÍTULO PRINCIPAL
Título principal Criopreservação de uma espécie de butiá ameaçada de extinção
500 ## - NOTA GERAL
Nota geral Publicação on-line; 23 ref.; 1 table; Summaries (En, Pt)
942 ## - ADDED ENTRY ELEMENTS (KOHA)
Koha item type Analítica
520 ## - NOTA DE RESUMO
Nota de conteúdo <br/><br/>Resumo<br/><br/>Butia yatay é uma palmeira nativa do Rio Grande do Sul que encontra-se em risco de extinção. Sua propagação<br/>é realizada por via sexuada, porém a germinação por sementes é baixa, lenta e desuniforme. Objetivou-se<br/>estabelecer um protocolo de criopreservação visando a conservação da espécie. Foram testadas concentrações<br/>de sacarose em pré-tratamento de embriões antes do congelamento. Embriões de Butia yatay podem ser<br/>criopreservados, com subseqüente retomada do crescimento, quando submetidos ao prévio tratamento com<br/>sacarose a 0,4 M. Neste estudo, os embriões foram congelados por 10 dias, indicando que o pré-tratamento<br/>possibilita a conservação de Butia yatay por longo tempo.<br/><br/>Palavras-chave: Butia sp., congelamento, conservação, sacarose.<br/><br/><br/><br/><br/>Abstract<br/><br/>Butia yatay is a palm tree native of Rio Grande do Sul that is in danger of extinction. Its propagation is carried<br/>out sexually, however, the seed germination is low, slow and uneven. Thus, a cryopreservation protocol was<br/>established aiming at the conservation of the species. Concentrations of sucrose were tested on embryo <br/>pretreatment before freezing. Butia yatay embryos can be cryopreserved, with subsequent growth recovery, when<br/>they are submitted to previous treatment with 0.4 M sucrose. In this study, the embryos were frozen for 10<br/>days, indicating that pretreatment allows the conservation of Butia yatay for a long time.<br/><br/>Key words: Butia sp., freezing, conservation, sucrose.<br/>
650 ## - ASSUNTO - THESAGRO
Cabeçalho tópico ou nome geográfico BUTIÁ
650 ## - ASSUNTO - THESAGRO
Cabeçalho tópico ou nome geográfico CONGELAMENTO
650 ## - ASSUNTO - THESAGRO
Cabeçalho tópico ou nome geográfico CONSERVAÇÃO
650 ## - ASSUNTO - THESAGRO
Cabeçalho tópico ou nome geográfico SACAROSE
773 0# - ENTRADA ANALÍTICA
Host Biblionumber 709
Registro do item 353216
Imprenta Rio de Janeiro-RJ Jardim Botanico do Rio de Janeiro 1935
Outro identificador 2025-4473
Título Rodriguésia (Brazil)
ISSN 0370-6583; 2175-7860 on-line
Colação v. 71 p. 1-4; (2020)
Número de controle de registro BR2025003350
856 ## - ACESSO E ENDEREÇO ELETRÔNICO
Identificador uniforme de recurso - URI https://www.scielo.br/j/rod/a/3jmbbHd8tqCz8bTFPMXHQ4J/?format=pdf&lang=pt

Nenhum exemplar disponível.

BINAGRI

Telefone: (61)3218-2567/2388/3357/2097 - binagri@agro.gov.br

Ministério da Agricultura e Pecuária , Esplanada dos Ministérios, Bloco D, Anexo B, Brasília/DF, CEP: 70.043-900